| 000 | 01423pam a2200385 a 4500 | ||
|---|---|---|---|
| 001 | 2349434 | ||
| 005 | 20250717103040.0 | ||
| 008 | 830120s1983 enka b 001 0 eng | ||
| 010 | _a 83001871 | ||
| 020 | _a0521224705 | ||
| 020 |
_a0521295122 _qpbk. |
||
| 020 | _a9780521224703 | ||
| 020 |
_a9780521295123 _q(pbk.) |
||
| 035 | _a2349434 | ||
| 040 |
_aDLC _cDLC _dDLC |
||
| 050 | 0 | 0 |
_aHG229 _b.F723 1983 |
| 082 | 0 | 0 |
_a332.4101 _bFRI |
| 100 | 1 |
_aFrisch, Helmut. _9129888 |
|
| 245 | 1 | 0 |
_aTheories of inflation / _cHelmut Frisch. |
| 260 |
_aCambridge [Cambridgeshire] ; _aNew York : _bCambridge University Press, _c1983. |
||
| 300 |
_aix, 262 p. : _bill. ; _c22 cm. |
||
| 336 |
_atext _btxt _2rdacontent |
||
| 337 |
_aunmediated _bn _2rdamedia |
||
| 338 |
_avolume _bnc _2rdacarrier |
||
| 440 | 0 |
_aCambridge surveys of economic literature _9129889 |
|
| 500 | _aBased on: Die neue Inflationstheorie. Göttingen : Vandenhoeck und Ruprecht, 1980. | ||
| 500 | _aIncludes indexes. | ||
| 504 | _aBibliography: p. 250-258. | ||
| 650 | 0 |
_aInflation (Finance) _9105094 |
|
| 856 | 4 | 2 |
_3Publisher description _uhttp://www.loc.gov/catdir/description/cam032/83001871.html |
| 856 | 4 | 1 |
_3Table of contents only _uhttp://www.loc.gov/catdir/enhancements/fy0810/83001871-t.html |
| 906 |
_a7 _bcbc _corignew _d1 _eocip _f19 _gy-gencatlg |
||
| 942 |
_2ddc _cBK |
||
| 999 |
_c614395 _d614395 |
||